The Long and Short of It Quiz Stats

 Plays Quiz Updated Oct 17, 2018

Score 0/30 Timer 08:00
3 Plays Today
% Correct
A or I
95.6%
May
85.1%
September
80.9%
Bush, Ford, Polk or Taft
66.2%
Up
61.4%
Eisenhower or Washington
49.7%
Leo
46.6%
Jets or Rams
45.9%
Lima
41.4%
Tin
37.5%
Ox
37.4%
Cuba
34.5%
Sagittarius
30.7%
Buccaneers
27.4%
Buenos Aires
27.3%
% Correct
Wild or Jets
21.8%
Monsters University
18.1%
Rome
14.7%
Because
14.4%
Saint Vincent and the Grenadines
13.8%
Rio de Janeiro
11.7%
Rooster
10.1%
Golden Knights
10%
Gigi or Argo
6%
Rutherfordium
4.8%
Wolverhampton Wanderers
4.2%
Fulham
4.1%
Birdman or (The Unexpected Virtue of Ignorance)
2.6%
Kiwi or Plum
2.6%
Strawberry Cheesecake
1.2%

You're not logged in!

Compare scores with friends on all Sporcle quizzes.
OR
Log In

Sporcle TV

Today on Sporcle TV


Watch our educational content, quiz creation guides, and fun videos on Sporcle TV.

Show Comments

Extras

Top Quizzes Today


Score Distribution

Your Account Isn't Verified!

In order to create a playlist on Sporcle, you need to verify the email address you used during registration. Go to your Sporcle Settings to finish the process.

Report this User

Report this user for behavior that violates our Community Guidelines.

Details: